000 00634nam a22002177a 4500
001 BD-DhSAU 2039
003 BD-DhSAU
005 20150126102358.0
008 150126s1992 ii a||||r|||| 00| 0 eng d
020 _a8170891787
040 _aBD-DhSAU
082 _222
_a634.90954072
_bBAM
100 _aBahuguna, V. K.
245 _aManagement of foresty research in india
_c V K Bahuguna
260 _aIndia :
_bInternational Book Distributors,
_cc1992.
300 _aix, 88 p. :
_bill. ;
_c22 cm.
504 _aIncludes bibliographical references.
590 _aerfat
650 _aManagement.
650 _aForestry research :
_zIndia.
942 _2ddc
_cBOOK
999 _c2039
_d2039